000 00363nam a2200157Ia 4500
003 OSt
005 20231011171135.0
008 230503s9999 xx 000 0 und d
082 _a923.2
_bGORJ
100 _aGOREV,A. and ZIMYANIN, V.
245 0 _aJawaharlal Nehru
260 _c1982
300 _a340
650 _abiography/History/political
942 _cBK
_2ddc
999 _c1867
_d1867